000 00953nas a2200325 4500
001 BR0302671
003 BR-BrBNA
005 20231205103822.0
007 ta
008 230509b bl.|||p| |||| 00| 00por d
040 _aBR-BrBNA
_bpor
_cBiblioteca Nacional de Agricultura
041 _a(Pt)
072 _aF60
100 1 _aFerreira, I.T.
100 1 _aSouza, J.A. de
100 1 _aRocha, M.T. R. da
100 1 _aTreptow, R.
100 1 _aViégas, J.
245 1 _aAnálise sensorial de violetas-africanas cultivadas em diferentes substratos
650 _aVIOLETA AFRICANA
650 _aGENÓTIPO
650 _aPRODUÇÃO VEGETAL
650 _aFOLHA
650 _aVIGOR HÍBRIDO
650 _aCOR
650 _aSUBSTRATO DE CULTURA
773 0 _tRevista Brasileira de Horticultura Ornamental (Brazil)
_xISSN 1414-039X
_g(2001), v. 7(2) p. 1019-115
_wBR0302671
909 _a202311
_bLúcia
_c55
_dLúcia Elande
942 _2AGRIS
_n0
_cANA
999 _c174888
_d174888